[Event "Cologne Ford op"]
[Site "Cologne"]
[Date "2010.05.31"]
[Round "6"]
[White "Strick, Gregor"]
[Black "Imhoff, Ralf"]
[Result "1/2-1/2"]
[WhiteElo "1668"]
[BlackElo "1783"]
[PlyCount "104"]
[EventDate "2010.04.19"]
[EventType "swiss"]
[EventRounds "7"]
[EventCountry "GER"]
[SourceTitle "EXT 2011"]
[Source "ChessBase"]
[SourceDate "2010.11.26"]
[SourceVersion "1"]
[SourceVersionDate "2010.11.26"]
[SourceQuality "1"]

1. d4 Nf6 2. c4 e5 3. dxe5 Ng4 4. Bf4 Nc6 5. Nf3 Bb4+ 6. Nbd2 Qe7 7. e3 Ngxe5 8. Nxe5 Nxe5 9. Be2 d6 10. 0-0 Bxd2 11. Qxd2 Bd7 12. Rfd1 Bc6 13. b4 Ba4 14. Rdc1 0-0 15. b5 a6 16. Qb4 axb5 17. cxb5 c6 18. Rc3 Qf6 19. Rac1 g5 20. Bxg5 Qxg5 21. f4 Qh4 22. g3 Qh6 23. fxe5 dxe5 24. Qg4+ Kh8 25. Qf5 Bxb5 26. Bxb5 Rxa2 27. Qxe5+ Kg8 28. R3c2 Rxc2 29. Rxc2 cxb5 30. Rc5 b4 31. Qe7 Ra8 32. Qg5+ Qg7 33. Qxg7+ Kxg7 34. Rb5 Ra1+ 35. Kg2 Rb1 36. Rxb7 b3 37. Kh3 b2 38. Rb6 f6 39. Kh4 Kg6 40. e4 Kf7 41. Kh5 Ke7 42. Kh6 Kd7 43. Kxh7 Kc7 44. Rb3 Kc6 45. Kg6 Kc5 46. h4 Kc4 47. Rb8 Kc3 48. h5 Rg1 49. h6 Rxg3+ 50. Kxf6 Rf3+ 51. Kg7 Rg3+ 52. Kf6 Rf3+ 1/2-1/2

[Event "Cologne Ford op"]
[Site "Cologne"]
[Date "2010.05.17"]
[Round "5"]
[White "Imhoff, Ralf"]
[Black "Gnass, Arno"]
[Result "1-0"]
[WhiteElo "1783"]
[BlackElo "1577"]
[PlyCount "125"]
[EventDate "2010.04.19"]
[EventType "swiss"]
[EventRounds "7"]
[EventCountry "GER"]
[SourceTitle "EXT 2011"]
[Source "ChessBase"]
[SourceDate "2010.11.26"]
[SourceVersion "1"]
[SourceVersionDate "2010.11.26"]
[SourceQuality "1"]

1. c4 Nf6 2. Nc3 g6 3. d4 Bg7 4. e4 d6 5. f3 0-0 6. Be3 Nbd7 7. Qd2 Re8 8. Nge2 e5 9. 0-0-0 b6 10. g4 Ba6 11. Ng3 exd4 12. Bxd4 Ne5 13. Bxe5 dxe5 14. Qc2 Qe7 15. h4 Qc5 16. Kb1 Red8 17. Nd5 Nxd5 18. cxd5 Qxc2+ 19. Kxc2 Bb7 20. Bb5 Rd6 21. h5 a6 22. Ba4 b5 23. Bb3 a5 24. a3 c6 25. dxc6 Rxc6+ 26. Kb1 Rc7 27. hxg6 hxg6 28. Rd6 Kf8 29. Rb6 a4 30. Bc2 Ba6 31. Ne2 Rb7 32. Rxb7 Bxb7 33. Bd3 Bc6 34. Rc1 Be8 35. Rc5 Rb8 36. Nc3 b4 37. axb4 Rxb4 38. Nd5 Rb8 39. Kc2 f5 40. gxf5 gxf5 41. Ra5 Rc8+ 42. Kb1 fxe4 43. fxe4 Bh6 44. Nc3 Bf4 45. Bc2 Rd8 46. Bxa4 Bxa4 47. Rxa4 Rd2 48. b4 Rd4 49. b5 Bd2 50. Rxd4 exd4 51. Nd5 Ke8 52. Kc2 Be1 53. Kd3 Bf2 54. b6 Kd7 55. e5 Kc6 56. e6 Bh4 57. Kxd4 Kb7 58. Kc5 Bf2+ 59. Kd6 Bh4 60. Kd7 Bg5 61. Ke8 Kc6 62. Kf7 Kb7 63. Nf6 1-0

[Event "Cologne Ford op"]
[Site "Cologne"]
[Date "2010.05.10"]
[Round "4"]
[White "Bekritski, Evgeni"]
[Black "Imhoff, Ralf"]
[Result "1-0"]
[WhiteElo "1923"]
[BlackElo "1783"]
[PlyCount "77"]
[EventDate "2010.04.19"]
[EventType "swiss"]
[EventRounds "7"]
[EventCountry "GER"]
[SourceTitle "EXT 2011"]
[Source "ChessBase"]
[SourceDate "2010.11.26"]
[SourceVersion "1"]
[SourceVersionDate "2010.11.26"]
[SourceQuality "1"]

1. b3 e6 2. c4 Nf6 3. Bb2 c5 4. e3 d5 5. cxd5 exd5 6. Nf3 Be7 7. d3 Nc6 8. a3 0-0 9. Nbd2 Re8 10. Be2 Bf5 11. Nh4 Be6 12. Nhf3 d4 13. e4 Nd7 14. 0-0 a5 15. Qc2 Qb8 16. Rab1 Ra6 17. Bc1 Nde5 18. Nxe5 Nxe5 19. Nc4 f6 20. f4 Nd7 21. Bd2 Qa7 22. Nb2 b5 23. h3 Nb6 24. Kh1 Qd7 25. Rf3 a4 26. bxa4 Nxa4 27. Nxa4 Rxa4 28. Bc1 b4 29. Bd1 Ra6 30. axb4 cxb4 31. Bb2 Rc8 32. Qf2 Rc3 33. f5 Bf7 34. Bxc3 dxc3 35. Bb3 Bxb3 36. Rxb3 Qa4 37. Qc2 Qa1+ 38. Rb1 Ra2 39. Qb3+ 1-0